La cristiandad o Europa: seguido de fragmentos seleccion
Saved in:
| Hovedforfatter: | |
|---|---|
| Format: | Bog |
| Sprog: | spansk |
| Udgivet: |
Madrid
Instituto de Estudios Politicos
1977
|
| Fag: | |
| Tags: |
Tilføj Tag
Ingen Tags, Vær først til at tagge denne postø!
|
MARC
| LEADER | 00000nam a2200000 a 4500 | ||
|---|---|---|---|
| 001 | UCX7141 | ||
| 003 | CL-VaPUC | ||
| 008 | 931127e19770000SP |||||||||||||||||spa|d | ||
| 082 | 0 | 4 | |a 320.01 |b NOV |2 21 |
| 100 | |a Novalis |e autor |9 418408 | ||
| 245 | 1 | 3 | |a La cristiandad o Europa: seguido de fragmentos seleccion |
| 246 | 1 | 0 | |a Fragmentos |
| 300 | |a 143 p | ||
| 942 | |c BK | ||
| 945 | |d 19931127 00:00:00 |a aalvarez | ||
| 260 | |a Madrid |b Instituto de Estudios Politicos |c 1977 | ||
| 650 | 7 | |a FILOSOFIA POLITICA |2 CL-VaPUC |9 323930 | |
| 583 | |a last modification |c 19931127 00:00:00 |k Rodrigo Vera | ||
| 999 | |c 227040 |d 227038 | ||
| 952 | |0 0 |1 0 |4 0 |6 320_010000000000000_NOV_1977 |7 0 |8 DER_HIS |9 225799 |a BIBDER |b BIBDER |d 2019-11-15 |i 2946408 |o 320.01 NOV 1977 |p 2946408 |r 2023-01-25 |w 2019-11-15 |x Ubicación 4to Piso |y BK |z Estos recursos deben solicitarse con anticipación |k DER | ||